Juventus players (2000-2010) - Statistics

General Stats
  • This quiz has been taken 12 times
  • The average score is 45 of 103
Answer Stats
Rank Player Positions Nationality Matches Goals (assists) Period % Correct
1 Alessandro Del Piero CF 292 138 (74) 2000-2010
100%
4 David Trezeguet ST 245 138 (30) 2000-2010
100%
2 Gianluigi Buffon GK 274 0 (0) 2001-2010
100%
7 Lilian Thuram CB 144 1 (6) 2001-2006
100%
3 Pavel Nedved LM 247 51 (65) 2001-2009
100%
18 Edgar Davids CM 85 4 (4) 2000-2004
92%
6 Gianluca Zambrotta RB 185 6 (25) 2000-2006
92%
8 Giorgio Chiellini CB 138 14 (8) 2005-2010
92%
5 Mauro Camoranesi RM 224 27 (61) 2002-2010
92%
50 Zinédine Zidane AM 33 6 (13) 2000-2001
92%
24 Zlatan Ibrahimović ST 70 23 (15) 2004-2006
92%
13 Fabio Cannavaro CB 101 6 (0) 2004-2006, 2009-2010
83%
23 Igor Tudor CB 70 13 (3) 2000-2005
83%
47 Adrian Mutu LW 33 7 (7) 2004-2006
75%
10 Gianluca Pessotto LB 125 0 (4) 2000-2006
75%
35 Hasan Salihamidzic RM 51 7 (3) 2007-2010
75%
37 Christian Poulsen DM 48 1 (3) 2008-2010
67%
16 Ciro Ferrara CB 91 5 (2) 2000-2005
67%
20 Claudio Marchisio CM 77 6 (6) 2006-2007, 2008-2010
67%
46 Edwin van der Sar GK 34 0 (0) 2000-2001
67%
25 Emerson DM 67 4 (3) 2004-2006
67%
53 Felipe Melo DM 29 3 (0) 2009-2010
67%
12 Nicola Legrottaglie CB 109 7 (2) 2003-2004, 2006-2010
67%
52 Patrick Vieira DM 31 5 (5) 2005-2006
67%
26 Vincenzo Iaquinta ST 67 26 (10) 2007-2010
67%
9 Alessio Tacchinardi DM 126 6 (14) 2000-2005
58%
56 Alexander Manninger GK 27 0 (0) 2008-2010
58%
30 Amauri ST 62 17 (5) 2008-2010
58%
55 Filippo Inzaghi ST 28 11 (4) 2000-2001
58%
14 Jonathan Zebina CB 98 0 (3) 2004-2010
58%
32 Marco Di Vaio ST 55 18 (10) 2002-2004
58%
67 Martín Cáceres CB 15 1 (2) 2009-2010
58%
33 Mohamed Sissoko DM 53 3 (3) 2007-2010
58%
57 Olof Mellberg CB 27 2 (0) 2008-2009
58%
22 Zdenek Grygera RB 74 3 (6) 2007-2010
58%
28 Cristiano Zanetti DM 63 4 (9) 2006-2009
50%
48 Diego AM 33 5 (11) 2009-2010
50%
58 Fabio Grosso LB 26 2 (2) 2009-2010
50%
49 Jean-Alain Boumsong CB 33 2 (0) 2006-2007
50%
64 Marcelo Salas ST 18 2 (1) 2001-2003
50%
15 Marcelo Zalayeta ST 95 15 (11) 2001-2007
50%
34 Paolo De Ceglie LB 52 1 (2) 2006-2007, 2008-2010
50%
19 Paolo Montero CB 84 1 (0) 2000-2005
50%
45 Robert Kovac CB 35 1 (0) 2005-2007
50%
38 Stephen Appiah DM 48 3 (1) 2003-2005
50%
39 Tiago Mendes CM 42 0 (5) 2007-2010
50%
89 Albin Ekdal DM 3 0 (0) 2008-2009
42%
21 Antonio Conte CM 75 5 (6) 2000-2004
42%
77 Antonio Mirante GK 7 0 (0) 2006-2007
42%
63 Christian Abbiati GK 19 0 (0) 2005-2006
42%
27 Cristian Molinaro LB 65 0 (2) 2007-2010
42%
60 Fabrizio Miccoli ST 25 8 (7) 2003-2004
42%
40 Manuele Blasi CM 40 0 (1) 2004-2006
42%
11 Alessandro Birindelli RB 121 1 (6) 2000-2005, 2006-2008
33%
70 Antonio Chimenti GK 13 0 (0) 2002-2006, 2009-2010
33%
51 Antonio Nocerino CM 32 0 (2) 2007-2008
33%
81 Athirson LB 5 0 (0) 2000-2001
33%
62 Darko Kovacevic ST 21 5 (1) 2000-2001
33%
31 Federico Balzaretti LB 57 2 (8) 2005-2007
33%
86 Jorge Andrade CB 4 0 (1) 2007-2008
33%
29 Marco Marchionni RM 63 3 (8) 2006-2009
33%
54 Matteo Paro CM 29 1 (2) 2002-2003, 2006-2007
33%
36 Raffaele Palladino LW 51 10 (6) 2006-2008
33%
74 Sergio Almirón CM 9 0 (0) 2007-2008
33%
66 Antonio Candreva AM, RW 16 2 (2) 2009-2010
25%
91 Dario Knezevic CB 3 0 (0) 2008-2009
25%
75 Domenico Criscito LB 8 0 (0) 2007-2008
25%
83 Emanuele Belardi GK 5 0 (0) 2007-2008
25%
43 Enzo Maresca CM 36 4 (5) 2001-2002, 2003-2004
25%
68 Fabián O'Neill AM 14 0 (1) 2000-2002
25%
79 Felice Piccolo CB 7 0 (0) 2006-2007
25%
44 Giuliano Giannichedda DM 35 0 (1) 2005-2007
25%
17 Mark Iuliano CB 89 4 (2) 2000-2004
25%
71 Matteo Brighi CM 11 0 (0) 2000-2001
25%
69 Olivier Kapo AM 14 0 (1) 2004-2005
25%
61 Rubén Olivera CM 22 4 (2) 2002-2003, 2004-2005, 2007-2008
25%
73 Salvatore Fresi CB 9 1 (0) 2002-2003
25%
42 Sebastian Giovinco CF 37 3 (8) 2006-2007, 2008-2010
25%
103 Tomás Guzmán AM 1 0 (0) 2006-2007
25%
65 Valeri Bozhinov ST 18 5 (0) 2006-2007
25%
90 Ciro Immobile ST 3 0 (0) 2008-2010
17%
41 Cristian Zenoni RB 37 2 (5) 2001-2003
17%
93 Daniel Fonseca ST 2 0 (0) 2000-2001
17%
78 Davide Baiocco DM 7 0 (0) 2002-2003
17%
101 Davide Lanzafame ST 1 0 (0) 2006-2007
17%
80 Jonathan Bachini LM 7 0 (0) 2000-2001
17%
95 Luca Marrone CB 2 0 (0) 2009-2010
17%
72 Nicola Amoruso ST 9 0 (2) 2001-2002
17%
96 Viktor Budyanskiy CM 2 0 (0) 2003-2004
17%
97 Andrea Masiello CB 1 0 (0) 2004-2005
8%
99 Cristian Pasquato CF 1 0 (0) 2007-2008
8%
82 Dario Venitucci AM 5 0 (0) 2006-2007
8%
100 Davide Chiumiento AM 1 0 (0) 2003-2004
8%
76 Emiliano Moretti CB 8 0 (0) 2002-2003
8%
84 Guglielmo Stendardo CB 5 0 (0) 2007-2008
8%
92 Lorenzo Ariaudo CB 3 0 (0) 2008-2009
8%
85 Marco Zanchi CB 5 0 (0) 2000-2001
8%
87 Michele Paolucci ST 4 0 (0) 2009-2010
8%
59 Michele Paramatti LB 26 0 (2) 2000-2002
8%
98 Ayub Daud CF 1 0 (0) 2008-2009
0%
94 Luca Castiglia CM 2 0 (0) 2007-2008
0%
102 Manuel Giandonato DM 1 0 (0) 2009-2010
0%
88 Raffaele Bianco DM 4 1 (0) 2006-2007
0%
No matching quizzes found
Score Distribution
Percent of People with Each Score
Percentile by Number Answered
Your Score History
You have not taken this quiz